000 00294nam a22001337a 4500
008 170529b xxu||||| |||| 00| 0 eng d
020 _a04132774917
041 _aeng
080 _25 ED
_a62
100 _a27
101 _aIM
245 _aENGINEERING ECONOMY
_cTHUESEN.H.G
942 _2udc
_cBK
999 _c14853
_d14853